000 01310cam a2200253 4500
001 WB4019-16
008 040519n2004 000 0 eng u
035 _a(Sirsi) u126237
245 _aVehicular access over common land
260 _c2004
490 _aDEFRA News Release
_v(186/04) 18 May 2004 (2)
520 _aDEFRA gives informal guidance on the recent HL judgment in Brandwood and others v Bakewell Management Ltd ([2003] EWCA Civ 23). The case overturns the judgment in the Hanning v Top Deck Travel ([1994] 68 P&CR 14) and means that many more people will be able to claim a prescriptive right of vehicular access. Where such a right exists, no application for a statutory easement under S68 of the Countryside and Rights of Way Act 2002 is necessary. For the full judgment: http://www.publications.parliament.uk/pa/ld200304/ ldjudgmt/jd040401/bake-1.htm For the DEFRA news release: http://www.defra.gov.uk/news/2004/040518a.htm
590 _aWB
590 _aWB
650 _aVEHICULAR ACCESS
650 _aBAKEWELL MANAGEMENT LTD V BRANDWOOD AND OTHERS
650 _aHANNING V TOP DECK TRAVEL
650 _aCOUNTRYSIDE AND RIGHTS OF WAY ACT 2000
650 _aHOMEOWNERS
650 _aEASEMENT
650 _aPRESCRIPTIVE RIGHTS
690 _aPROPERTY AND LAND LAW
942 _n0
999 _c117376
_d117376